Kitab Yanabiul Islam (Record no. 4217)

MARC details
000 -LEADER
fixed length control field 00542nam a2200229 a 4500
020 ## - INTERNATIONAL STANDARD BOOK NUMBER
ISBN
082 00 - DEWEY DECIMAL CLASSIFICATION NUMBER
Classification number 297.293
Author Cutter TIS
100 ## - MAIN ENTRY--AUTHOR NAME
Author name Tisdal,
245 ## - TITLE STATEMENT
Title Kitab Yanabiul Islam
260 ## - PUBLICATION, DISTRIBUTION, ETC. (IMPRINT)
Place of publication Chennai
Name of publisher Lilly Soosai Opset
Year of publication 0000
300 ## - PHYSICAL DESCRIPTION
Number of Pages 245p
500 ## - GENERAL NOTE
General note includes index and biblioraphy
650 ## - SUBJECT ADDED ENTRY--TOPICAL TERM
Topical Term Islam-Apologetic Works
942 ## - ADDED ENTRY ELEMENTS (KOHA)
Koha item type Books
700 1# -
-- Tisdal,
Holdings
Collection code Home library Current library Date acquired Cost, normal purchase price Full call number Accession Number Koha item type
  Henry Martyn Institute Library Henry Martyn Institute Library 07/30/2007 100.00 297.293 TIS 08981 Books
                   Copyright © 2026 | Henry Martyn Institute | Hyderabad | TS-500052 | INDIA | Implemented by hmi.edu.in
Hit-Count:

Powered by Koha